000 01809nam a2200301 a 4500
001 000048971
003 DO-SdBNP
005 20210524121734.0
008 190510s2018 dr r 000 0 spa d
020 _a9789945503333
040 _aBPMSU
_bspa
_cBPMSU
082 _a972.9304
_bC957g
_222
100 1 _aCruz, Juan de la,
_d1963-
245 1 3 _aLa guerra de la restauración :
_btriunfo del pueblo dominicano en armas /
_cJuan de la Cruz.
260 _aSanto Domingo :
_bMinisterio de Culutra;
_bEdiotora Nacional,
_c2018.
300 _a332 p. ;
_c21 cm.
490 0 _aHistoria
500 _aIncluye datos biográficos del autor en la solapa de la cubierta
500 _aJurado : Marcio Veloz Maggiolo, César Cuello y José Antinoe Fiallo.
505 _aLa anexión de la República Dominicana a España-- Primeros conatos de rebelión popular contra la anexión -- Características de la guerra, actores sociales y líderes restauradores -- Tipos de guerra y métodos de lucha -- Logísticas del ejército restaurador -- Las acciones de Capotillo y la Línea Noroeste -- La batalla decisiva de Santiago de los Caballeros -- Las batallas pertinaces de Puerto Plata -- Retorno y exilio diplomático involuntario del general Juan Pablo Duarte -- Principales batallas y combates en el frente Este -- Principales acciones y batallas en el frente Sur -- Derrota de las tropas españolas y evacuación desde Santo Domingo -- Bibliografía.
586 _aPremio Anual de Historia José Gabriel García, 2017
590 _aInventariado, 2021/VM
650 _a
651 4 _a República Dominicana
_xHistoria
_yRestauración 1863-1865
710 2 _aMinisterio de Culutra (República Dominicana)
711 2 _aPremio Anual de Historia José Gabriel García
_d(2017:
_cSanto Domingo)
942 _2ddc
_cBK
999 _c13522
_d13522